1574 1391 1295 1910 1420 1901 1297 1148 1543 1771 1276 1528 1254 1987 1974 1035 1457 1932 1671 1422 1703 1499 1176 1325 1229 1109 1730 1187 1632 1733 1317 1153 1193 1526 1926 1956 1270 1630 1102 1166 1051 1838 1912 1765 1198 1150 1265 1289 1388 1323 1764 1944 1734 1481 1528 1167 1924 1360 1029 1380 1622 1743 1834 1345 1848 1536 1948 1645 1052 1517 1775 1159 1690 1534 1645 1948 1444 1154 1723 1499 1168 1181 1514 1798 1953 1146 2000 1424 1827 1409 1872 1739 1047 1593 1392 1340 1127 1677 1348 BCNSPRNW ULIB Ver.6.0+V

เปลี่ยนเป็นภาษาไทย

Change to English
 แสดงรายละเอียดบรรณานุกรม
  กลับหน้าหลัก

Brief Record : Get Marc (ISO 2709) : E-mail record : QR code < ปิดหน้าต่าง
LEADER : 00000nam 2200000uu 4500
001    13399129058
003     ULIB
008    250528s2567||||th 000 0 tha d
020    ^a9786166128796
060  4 ^aWA590^bอ662ส
100 0  ^aอารียา จิรธนานุวัฒน์^eผู้แต่ง
245 1  ^aสุขภาพคนเมืองและการส่งเสริมสุขภาพ /^cอารียา จิรธนานุวัฒน์
246 3  ^aUrban health and health promotion.
250    ^aพิมพ์ครั้งที่ 1.
260    ^aกรุงเทพฯ :^bภาควิชาเทคโนโลยีสุขภาพ คณะวิทยาศาสตร์และเทคโนโลยีสุขภาพ มหาวิทยาลัยนวมินทราธิราช, ^c2567.
300    ^a182 หน้า :^bภาพประกอบ ;^c25 ซม
505 2  ^aสุขภาพกับเป้าหมายการพัฒนาอย่างยั่งยืน -- การส่งเสริมสุขภาพ -- ทฤษฎีทางพฤติกรรมสุขภาพ -- สุขภาพคนเมือง -- กลวิธีส่งเสริมสุขภาพ
505 2  ^a^tสุขภาพกับเป้าหมายการพัฒนาอย่างยั่งยืน -- การส่งเสริมสุขภาพ -- ทฤษฎีทางพฤติกรรมสุขภาพ -- สุขภาพคนเมือง -- กลวิธีส่งเสริมสุขภาพ.
650  7 ^aการส่งเสริมสุขภาพ
650  7 ^aพฤติกรรมสุขภาพ
650  7 ^aสุขภาพเมือง
945    ^p350^l0^i011731
945    ^p350^l0^i011732
945    ^p350^l0^i011733
999    ^aประนอม เกษจรัล
รายการนี้ยังไม่มีแท็ก
คุณยังไม่ได้ล็อกอิน คุณสามารถมีกิจกรรมร่วมกับเว็บไซต์ได้ แต่ต้องล็อกอินก่อน ::
  ล็อกอิน

รายการสื่อสารสนเทศ

ลำดับที่ ประเภท เลขเรียก/บาร์โค้ด สถานที่ สถานะ
1. วิทยาศาสตร์การแพทย์ และสุขภาพ
หนังสือสำรอง
สถานะ=หนังสือสำรอง
WA590 อ662ส ฉ.1 
  Barcode: 011731
ห้องสมุดวิทยาเขตสวรรค์ประชารักษ์
►หนังสือทั่วไป
บนชั้น
2. วิทยาศาสตร์การแพทย์ และสุขภาพ
วิทยาศาสตร์การแพทย์ และสุขภาพ
WA590 อ662ส ฉ.2 
  Barcode: 011732
ห้องสมุดวิทยาเขตสวรรค์ประชารักษ์
►หนังสือทั่วไป
บนชั้น
3. วิทยาศาสตร์การแพทย์ และสุขภาพ
วิทยาศาสตร์การแพทย์ และสุขภาพ
WA590 อ662ส ฉ.3 
  Barcode: 011733
ห้องสมุดวิทยาเขตสวรรค์ประชารักษ์
►หนังสือทั่วไป
บนชั้น

รายการใกล้เคียง
    หัวเรื่อง [การส่งเสริมสุขภาพ]
    หัวเรื่อง [พฤติกรรมสุขภาพ]
    หัวเรื่อง [สุขภาพเมือง]

BibComment


ยังไม่เคยถูกคอมเมนท์

คอมเมนท์ทรัพยากรรายการนี้
  คอมเมนท์: สุขภาพคนเมืองและ..


 Copyright 2026. Bcnsprnw @Library